Advertising today (Record no. 226510)
[ view plain ]
| 000 -LEADER | |
|---|---|
| fixed length control field | 00569nam a22002177a 4500 |
| 005 - DATE AND TIME OF LATEST TRANSACTION | |
| control field | 20251027113651.0 |
| 008 - FIXED-LENGTH DATA ELEMENTS--GENERAL INFORMATION | |
| fixed length control field | 230201b ||||| |||| 00| 0 eng d |
| 020 ## - INTERNATIONAL STANDARD BOOK NUMBER | |
| International Standard Book Number | 0700201602 |
| 040 ## - CATALOGING SOURCE | |
| Transcribing agency | AL |
| 041 ## - LANGUAGE CODE | |
| Language code of text/sound track or separate title | eng |
| 082 ## - DEWEY DECIMAL CLASSIFICATION NUMBER | |
| Edition number | 23 |
| Classification number | 659 |
| Item number | JEFA |
| 100 ## - MAIN ENTRY--PERSONAL NAME | |
| Personal name | Frank Jefkins |
| 100 ## - MAIN ENTRY--PERSONAL NAME | |
| 9 (RLIN) | 242857 |
| 245 ## - TITLE STATEMENT | |
| Title | Advertising today |
| 260 ## - PUBLICATION, DISTRIBUTION, ETC. | |
| Place of publication, distribution, etc. | London |
| Name of publisher, distributor, etc. | Intertext Books |
| Date of publication, distribution, etc. | 1971 |
| 300 ## - PHYSICAL DESCRIPTION | |
| Extent | xii,442p |
| Other physical details | HB |
| Dimensions | 23x15cm |
| 365 ## - TRADE PRICE | |
| Source of price type code | Management |
| 650 ## - SUBJECT ADDED ENTRY--TOPICAL TERM | |
| Topical term or geographic name entry element | Making Known to sell |
| 9 (RLIN) | 70393 |
| 650 ## - SUBJECT ADDED ENTRY--TOPICAL TERM | |
| Topical term or geographic name entry element | Campaign Planning |
| 9 (RLIN) | 70394 |
| 650 ## - SUBJECT ADDED ENTRY--TOPICAL TERM | |
| Topical term or geographic name entry element | Advertising Media |
| 9 (RLIN) | 70395 |
| 942 ## - ADDED ENTRY ELEMENTS (KOHA) | |
| Source of classification or shelving scheme | Dewey Decimal Classification |
| Koha item type | Donated Books |
| Withdrawn status | Lost status | Source of classification or shelving scheme | Damaged status | Not for loan | Collection code | Home library | Current library | Date acquired | Total Checkouts | Full call number | Barcode | Date last seen | Price effective from | Koha item type |
|---|---|---|---|---|---|---|---|---|---|---|---|---|---|---|
| Dewey Decimal Classification | Management | St Aloysius Library | St Aloysius Library | 07/23/2013 | 659 JEFA | D05143 | 02/01/2023 | 02/01/2023 | Donated Books |